Výroba papíru : chemická technologie pro 2. ročník středních průmyslových škol papírenských /
Gespeichert in:
| 1. Verfasser: | |
|---|---|
| Format: | Buch |
| Sprache: | Tschechisch |
| Veröffentlicht: |
Praha :
SNTL - Státní nakladatelství technické literatury,
1965
|
| Ausgabe: | [1. vyd.] |
| Schriftenreihe: | Řada papírenské literatury
|
| Schlagworte: | |
| Online-Zugang: |
|
| Tags: |
Tag hinzufügen
Keine Tags, Fügen Sie den ersten Tag hinzu!
|
MARC
| LEADER | 00000cam a2200000 4500 | ||
|---|---|---|---|
| 003 | SK-BrCVT | ||
| 005 | 20220617224042.0 | ||
| 008 | 070719s1965 cs e ||||||cze d | ||
| 035 | |a CVTIDW1420454 | ||
| 040 | |b slo |a CVTI SR |e AACR2 | ||
| 041 | 0 | |a cze | |
| 044 | |a cs | ||
| 080 | |a 676 |2 UDC-MRF | ||
| 100 | 1 | |a Čeněk, Bohuslav |4 aut | |
| 245 | 1 | 0 | |a Výroba papíru : |b chemická technologie pro 2. ročník středních průmyslových škol papírenských / |c Autoři: Bohuslav Čeněk ... et al. |
| 250 | |a [1. vyd.] | ||
| 260 | |a Praha : |b SNTL - Státní nakladatelství technické literatury, |c 1965 | ||
| 300 | |a 188 s. : |b lit., obr., tab. ; | ||
| 490 | 1 | |a Řada papírenské literatury |3 0534592 | |
| 653 | 1 | |a výroba papiera | |
| 760 | 1 | |t Řada papírenské literatury | |
| 910 | |b A188625 - A188627 | ||
| 974 | |f Knihy | ||
| 992 | |a AUS | ||
| 999 | |c 156280 |d 156280 | ||